000 00537nam a22001937a 4500
003 KOHA_MİRAKIL
005 20260330130328.0
008 260330b tu ||||| |||| 00| 0 tur d
020 _a9786057220448
040 _aTR-AnABB
_btur
_cTR-AnABB
041 _atur
082 _a811.42
_bSUR 2023
100 1 _aSürer, Hasan
245 1 0 _aHayatımdan seçmeler /
_cHasan Sürer
260 _aAydın :
_bCemrem Yayıncılık,
_c2023
300 _a104 sayfa ;
_c20 cm
650 0 4 _aTürk edebiyatı, şiir
942 _2ddc
_cBK
999 _c10096
_d10096
900 _bCan ÇELIK